| 000 | 00529nam a2200145Ia 4500 | ||
|---|---|---|---|
| 008 | 230917s9999||||xx |||||||||||||| ||und|| | ||
| 040 |
_e186677 _aMAIN |
||
| 041 | _aEnglish | ||
| 082 | _a338.13 M295C | ||
| 100 | _aHimachal Pradesh University, Agro-Economic Research Centre | ||
| 245 | 0 | _aComprehensive study on the marketing of apples of Himachal Pradesh in India. V2- Analysis of prices (Delhi market) | |
| 260 |
_aShimla _bHimachal Pradesh University, Agro-Economic Research Centre _c1977 |
||
| 300 | _a208 p. | ||
| 942 | _cBK | ||
| 999 |
_c182699 _d182699 |
||